Tribhuvan University Central Library

<A> practical English grammar (Record no. 71553)

MARC details
000 -LEADER
fixed length control field 00487nam a22001937a 4500
008 - FIXED-LENGTH DATA ELEMENTS--GENERAL INFORMATION
fixed length control field 000000b xxu||||| |||| 00| 0 und d
020 ## - INTERNATIONAL STANDARD BOOK NUMBER
International Standard Book Number 978-0-19-562053-5
041 ## - LANGUAGE CODE
Language code of text/sound track or separate title Eng
082 ## - DEWEY DECIMAL CLASSIFICATION NUMBER
Classification number 425
Item number T361p
100 ## - MAIN ENTRY--PERSONAL NAME
Personal name Martinet, A. V.
100 ## - MAIN ENTRY--PERSONAL NAME
Personal name Thomson, A. J.
245 ## - TITLE STATEMENT
Title <A> practical English grammar
250 ## - EDITION STATEMENT
Edition statement 4th ed.
260 ## - PUBLICATION, DISTRIBUTION, ETC.
Place of publication, distribution, etc. Delhi
Name of publisher, distributor, etc. Oxford University Press
Date of publication, distribution, etc. 1986
300 ## - PHYSICAL DESCRIPTION
Extent 383p.
650 ## - SUBJECT ADDED ENTRY--TOPICAL TERM
Topical term or geographic name entry element English grammar
650 ## - SUBJECT ADDED ENTRY--TOPICAL TERM
Topical term or geographic name entry element English language
942 ## - ADDED ENTRY ELEMENTS (KOHA)
Koha item type General Collections
Source of classification or shelving scheme Dewey Decimal Classification
Holdings
Withdrawn status Lost status Source of classification or shelving scheme Damaged status Not for loan Home library Current library Shelving location Date acquired Total Checkouts Total Renewals Full call number Barcode Date last seen Date last checked out Price effective from Koha item type Date due
    Dewey Decimal Classification     Tribhuvan University Central Library Tribhuvan University Central Library New Building 04/16/2014 9 3 425 T361p 146617 08/06/2019 07/16/2019 04/16/2014 General Collections  
          Tribhuvan University Central Library Tribhuvan University Central Library   04/16/2014 5 6 425 T361p 146618 02/09/2017 02/09/2017 04/16/2014 General Collections 04/27/2017